000
00349pam a2200157a 44500
008
230515b1989 xxu||||| |||| 00| 0 eng d
020
_a
NULL
041
_a
ENGLISH
082
_a
630
100
_a
1727-1967
245
_a
METHODS OF TEST FOR POZZOLANIC MATERIALS
250
_a
0
260
_a
DELHI
_b
ISI
_c
1989
300
_a
15
650
_a
NULL
999
_c
652231
_d
652231